Opera omnia [Música impresa] / Iohannis Cabanilles (1644-1712) ; nunc primum in lucem edita cura et studio Hyginii Anglès
Descripción Física:
4 v. ; 26 cm
Colección:
Publicacions del Departament de Música (Biblioteca de Catalunya)
; 4, 8, 13, 17
Otros Autores:
Anglès, Higini, 1888-1969
MARC
| LEADER | 00000nam a2200000Ia 4500 | ||
|---|---|---|---|
| 001 | 9911, 9912, 9913, 9914 | ||
| 008 | 160829s1927 - 1992 xx 000 0 cat d | ||
| 710 | 1 | |a Biblioteca de Catalunya |9 52741 | |
| 952 | |0 0 |1 0 |4 0 |6 B175_B176_B177_B178 |7 1 |9 46323 |a Arxiu |b Arxiu |d 2016-12-01 |l 0 |o B-1-75, B-1-76, B-1-77, B-1-78 |p 9911, 9912, 9913, 99 |r 2016-12-01 00:00:00 |w 2016-12-01 |y ARXIU | ||
| 999 | |c 50108 |d 50108 | ||
| 080 | |a B-1-75, B-1-76, B-1-77, B-1-78 | ||
| 100 | |a Cabanilles, Joan Baptista |9 33960 | ||
| 245 | |a Opera omnia [Música impresa] / Iohannis Cabanilles (1644-1712) ; nunc primum in lucem edita cura et studio Hyginii Anglès | ||
| 260 | |a Barcelona : |b Diputació de Barcelona. Biblioteca de Catalunya, |c 1927 - 1992 | ||
| 300 | |a 4 v. ; |c 26 cm | ||
| 490 | |a Publicacions del Departament de Música (Biblioteca de Catalunya) ; |v 4, 8, 13, 17 | ||
| 590 | |a L'any de l'edició varia de la portada a la coberta | ||
| 650 | |a Orgue, Música per a |9 33961 | ||
| 650 | |a Tientos (Orgue) |9 33962 | ||
| 700 | |a Anglès, Higini, |d 1888-1969 |9 26341 | ||
| 866 | |a 1, 2, 3, 4 | ||
| 901 | |a Arxiu | ||
| 942 | |n 1 |2 udc | ||